| Tag |
First Indicator |
Second Indicator |
Subfields |
| LEADER |
00000cas a2200000 a 4500 |
| 001 |
in00002364483 |
| 005 |
20190422095749.0 |
| 006 |
m o d |
| 007 |
cr ||||||||||| |
| 008 |
080227c20079999gw qx pso 0 0eng c |
| 010 |
|
|
|a 2008263510
|
| 019 |
|
|
|a 1021313868
|a 1038383553
|a 1043077587
|a 1058367460
|
| 022 |
|
|
|a 1864-0761
|y 1864-0753
|l 1864-0753
|
| 029 |
1 |
|
|a AU@
|b 000043307730
|
| 029 |
1 |
|
|a AU@
|b 000043709003
|
| 029 |
1 |
|
|a AU@
|b 000043829156
|
| 029 |
1 |
|
|a AU@
|b 000044921596
|
| 029 |
1 |
|
|a AU@
|b 000045708517
|
| 029 |
1 |
|
|a HEBIS
|b 190051167
|
| 029 |
1 |
|
|a NZ1
|b 13114840
|
| 035 |
|
|
|a (OCoLC)ocn240386119
|
| 035 |
|
|
|a (OCoLC)240386119
|z (OCoLC)1021313868
|z (OCoLC)1038383553
|z (OCoLC)1043077587
|z (OCoLC)1058367460
|
| 040 |
|
|
|a TXA
|b eng
|c TXA
|d OCLCQ
|d VRC
|d OCLCQ
|d OCLCF
|d CUS
|d OCLCO
|d OCLCQ
|d AU@
|d UtOrBLW
|
| 042 |
|
|
|a pcc
|
| 049 |
|
|
|a TXAM
|
| 050 |
1 |
4 |
|a HF5415.13
|b .J686 Electronic
|
| 210 |
1 |
0 |
|a J. bus. mark. manag.
|b (Internet)
|
| 222 |
|
0 |
|a Journal of business market management
|b (Internet)
|
| 245 |
0 |
0 |
|a Journal of business market management.
|
| 246 |
1 |
|
|a JBM
|
| 264 |
|
1 |
|3 2007-2010:
|a [Weisbaden] :
|b Gabler Verlag,
|c [2007]-
|
| 264 |
3 |
1 |
|3 2012- :
|a [Place of publication not identified] :
|b [publisher not identified]
|
| 264 |
|
4 |
|c ©2007-
|
| 300 |
|
|
|a 1 online resource
|
| 310 |
|
|
|a Four issues yearly
|
| 336 |
|
|
|a text
|b txt
|2 rdacontent
|
| 337 |
|
|
|a computer
|b c
|2 rdamedia
|
| 338 |
|
|
|a online resource
|b cr
|2 rdacarrier
|
| 362 |
1 |
|
|a Began with: Vol. 1, no. 1 (March 2007).
|
| 588 |
|
|
|a Description based on: Vol. 1, no. 1 (March 2007); title from issue table of contents (SpringerLink, viewed Aug. 7, 2008).
|
| 588 |
|
|
|a Latest issue consulted: Vol. 9, no. 1 (2016) (journal site, viewed February 18, 2019).
|
| 500 |
|
|
|a Electronic resource.
|
| 650 |
|
0 |
|a Marketing
|x Management
|v Periodicals.
|0 http://id.loc.gov/authorities/subjects/sh2010100737
|
| 650 |
|
0 |
|a Industrial marketing
|v Periodicals.
|
| 650 |
|
7 |
|a Industrial marketing.
|2 fast
|0 (OCoLC)fst00971345
|
| 650 |
|
7 |
|a Marketing
|x Management.
|2 fast
|0 (OCoLC)fst01010209
|
| 655 |
|
7 |
|a Periodicals.
|2 fast
|0 (OCoLC)fst01411641
|
| 655 |
|
0 |
|a Electronic journals.
|
| 776 |
0 |
8 |
|i Print version:
|t Journal of business market management
|x 1864-0761
|
| 949 |
|
|
|a updated
|b h
|c 2019/2/18
|e spoltoratski
|f 4:09:03 pm
|
| 994 |
|
|
|a C0
|b TXA
|
| 999 |
f |
f |
|s 78740278-cfb6-3e26-9936-328d8f87432d
|i 7acdf773-aaae-3c6f-9da8-356413bb67fa
|t 0
|
| 952 |
f |
f |
|a Texas A&M University
|b College Station
|c Electronic Resources
|d Available Online
|t 0
|e HF5415.13 .J686
|g Electronic
|h Library of Congress classification
|
| 998 |
f |
f |
|a HF5415.13 .J686
|t 0
|l Available Online
|